| 000 | 00699nam a22002057a 4500 | ||
|---|---|---|---|
| 003 | OSt | ||
| 005 | 20221028214201.0 | ||
| 008 | 221021b |||||||| |||| 00| 0 eng d | ||
| 020 | _a84-87715-83-4 | ||
| 040 | _cBiblioteca LadoV | ||
| 082 |
_a703 _bM385p |
||
| 100 |
_9249 _aMartinez Diaz, Noemi _eautor |
||
| 245 |
_aPintando el mundo/ _bDiccionario Artistas Latinoamericanos y españoles/ |
||
| 260 |
_aEspaña _c2000 _bCuadernos Inacabados |
||
| 300 |
_a366p. _c14x21cm |
||
| 650 |
_2Tesauro de Arte & Arquitectura _aDICCIONARIO |
||
| 650 |
_2Tesauro de Arte & Arquitectura _aARTES LATINOAMERICANAS |
||
| 700 |
_aCao, Marian L. P. _eautor |
||
| 942 |
_2ddc _c1 _h703 _iM385p _n0 |
||
| 999 |
_c2418 _d2418 |
||